バージョンアップされたでんこ - Statistics

General Stats
  • This quiz has been taken 10 times
  • The average score is 29 of 67
Answer Stats
Answer % Correct
みろく
100%
セリア
80%
メロ
80%
ルナ
80%
シャルロッテ
80%
もぼ
80%
ほこね
80%
ナギサ
80%
やまと
80%
リト
80%
いちご
80%
レイカ
60%
いろは
60%
いずな
60%
ニャッシュ
60%
ダッチュー
60%
イムラ
60%
にころ
60%
レーノ
60%
ありす
60%
エリア
60%
なより
60%
ひまり
60%
らら
60%
しおり
60%
ひとは
60%
しいら
40%
しぐれ
40%
ベアトリス
40%
そら
40%
みづほ
40%
まぜ
40%
るり
40%
コヨイ
40%
ゆう
40%
ゆかり
40%
みそら
40%
めぐる
40%
ひめ
40%
すばる
40%
おとめ
40%
ちづ
40%
あすか
40%
はかり
40%
もえ
20%
りんご
20%
レン
20%
チコ
20%
コタン
20%
カノン
20%
あたる
20%
なほ
20%
まりか
20%
あけひ
20%
みやび
20%
たまき
20%
ギンカ
20%
ゆき
20%
ひな
20%
アヤ
20%
いよ
20%
シキネ
20%
さいか
0%
スピカ
0%
ニナ
0%
ゆのか
0%
ましろ
0%
No matching quizzes found
Score Distribution
Percent of People with Each Score
Percentile by Number Answered
Your Score History
You have not taken this quiz